Statystyki dla Podróż po świecie - quiz geopolityczny #1

Kliknij tutaj aby rozwiązać quiz!

Ogólne statystyki

  • Ten quiz został rozwiązany 94 razy
  • Średni wynik to 17 z 22

Statystyki odpowiedzi

KierunekPaństwo% Poprawnych
północSłowacja
99%
południowy-zachódAustria
94%
STARTWęgry
94%
północNiemcy
90%
południowy-zachódFrancja
87%
południeHiszpania
86%
południeMaroko
84%
wschódAlgieria
82%
wschódLibia
82%
północWłochy
81%
południeChorwacja
80%
wschódSłowenia
80%
południowy-wschódCzarnogóra
75%
południeGrecja
70%
południeMacedonia
Północna
68%
wschódTurcja
68%
północny-wschódKosowo
67%
południowy-wschódIran
65%
południowy-wschódPakistan
61%
wschódIndie
57%
północChiny
51%
wschódMjanma
51%

Rozkład punktacji

Percentyl według liczby udzielonych odpowiedzi

Procent ludzi z każdym wynikiem

Twoja historia wyników

Nie rozwiązałeś tego quizu